000 01250nam0a22002771 4500
001 rc\2325677
005 20110829144732.8
035 _a(NLR Aleph) 006471896
090 _a5943800
_c5943800
100 _a20110829d1977 |||y0rusy50 ca
101 0 _arus
102 _aRU
105 _aa z |||||
200 1 _aСовременные тенденции планировки и застройки сельских населенных мест. ВНР
_fГос. ком. по гражд. стр-ву и архитектуре при Госстрое СССР. Центр. науч.-техн. информации по гражд. стр-ву и архитектуре
210 _aМосква
_cБ. и.
_d1977
215 _a42 с.
_cил.
_d21
225 1 _aОбзорная информация
_v3
300 _aНа обороте тит. л. сост.: архит., к. т. н. С.Б. Моисеева, инж. Д.М. Разумов
320 _aБиблиогр.: с. 41
700 1 _aМоисеева
_bС. Б.
_gСветлана Борисовна
701 1 _aРазумов
_bД. М.
_gДмитрий Михайлович
801 0 _aRU
_bNLR
_gpsbo
801 1 _aRU
_bELAR
_2rusmarc
852 _aNLR
_jП31/381
942 _cBOOK
980 _aNB